Dentistry for the child and adolescent

The book provides current diagnostic and treatment recommendations based on research and clinical experience. The information is relevant to the practice to the practice of pedodontics.

Đã lưu trong:
書目詳細資料
主要作者: McDonald, Ralph E.
其他作者: Avery, David R.
格式: 圖書
語言:Vietnamese
出版: London The C.V. Mosby Company 1983
版:4 ed
主題:
標簽: 添加標簽
沒有標簽, 成為第一個標記此記錄!
Thư viện lưu trữ: Thư viện Trường Đại học Nam Cần Thơ
LEADER 00913nam a22002057a 4500
001 NCT_4_003797
008 240223b xxu||||| |||| 00| 0 vie d
999 |c 8065  |d 8065 
082 0 4 |2 23rd ed.  |a 617.645  |b M675 
100 1 |a McDonald, Ralph E. 
245 1 0 |a Dentistry for the child and adolescent  |c Ralph E. McDonald, David R. Avery 
250 |a 4 ed 
260 |a London  |b The C.V. Mosby Company  |c 1983 
300 |a 845p  |c 29 cm 
520 3 |a The book provides current diagnostic and treatment recommendations based on research and clinical experience. The information is relevant to the practice to the practice of pedodontics. 
653 |a Răng Hàm Mặt 
700 1 |a Avery, David R. 
942 |2 ddc  |c BK 
952 |0 0  |1 0  |2 ddc  |4 0  |6 617_645000000000000_M675  |7 0  |9 28470  |a 000001  |b 000001  |d 2024-02-23  |o 617.645 M675  |p MD.22104  |r 2024-02-23  |w 2024-02-23  |y BK 
980 |a Thư viện Trường Đại học Nam Cần Thơ